Tantos medos e outras coragens (Record no. 71853)

MARC details
000 -LÍDER
campo de controle de tamanho fixo 00395 a2200169 4500
001 - NÚMERO DE CONTROLE
campo de controle 71853
020 ## - ISBN - INTERNATIONAL STANDARD BOOK NUMBER
ISBN - International Standard Book Number
040 ## - FONTE DA CATALOGAÇÃO
Instituição que transcreveu o registro Anchieta - Colégio São Paulo
100 ## - ENTRADA PRINCIPAL--NOME PESSOAL
Nome pessoal Murray, Roseana
240 10 - TÍTULO UNIFORME
Título uniforme Tantos medos e outras coragens
Idioma da obra por
245 10 - TÍTULO
Título Tantos medos e outras coragens
300 ## - DESCRIÇÃO FÍSICA
Extensão [24p.]
362 0# - DATAS DE PUBLICAÇÃO E/OU DESIGNAÇÃO SEQUENCIAL
Datas de publicação e/ou designação sequencial 1992
440 #1 - DECLARAÇÃO DE SÉRIE/ENTRADA ADICIONADA--TÍTULO
Título FTD
650 #4 - ASSUNTO--TERMO TÓPICO
Cabeçalho tópico ou nome geográfico Literatura infanto-juvenil
942 ## - ELEMENTOS DE ENTRADA ADICIONADOS (KOHA)
Tipo de material Koha Livros
Holdings
Situação do descarte Situação das perdas Situação física Não pode ser emprestado Biblioteca de origem Biblioteca atual Data de aquisição Total de empréstimos Código de barras Data de último acesso Data do preço efetivo Tipo de material Koha Fonte da classificação ou esquema de arquivamento na estante Nota pública Número de chamada completo Número do exemplar
        Colégio São Paulo Colégio São Paulo 22/11/2023   1113/CSP 22/11/2023 22/11/2023 Livros        
        Novo Tempo - Aureliano São José Novo Tempo - Aureliano São José 15/07/2024   fm266 15/07/2024 15/07/2024 Livros Classificação Decimal de Dewey FD2/EM    
        Portinari - Salvador Portinari - Salvador 12/08/2024   1685/CCP 12/08/2024 12/08/2024 Livros     028.5 M981t Ex. 1